000 00404cam a2200181ua 4500
020 _cRs. 1.50
041 _aeng
_h
082 _a330.1
_bOOM/EL
100 _aOomman, M A .
245 _aElements of ecnomics
250 _a1 /
_b.
260 _aChennai :
_bS.Viswanathan ,
_c1958.
300 _a64 :
_b` ; .
365 _aRs. 1.50
504 _a
942 _cBK
999 _c1743
_d1743